| 000 | 00690cad a22002535a 4500 | ||
|---|---|---|---|
| 001 | L159772 | ||
| 008 | 150226s2016 xxk f 000 0 eng d | ||
| 035 | _a(Sirsi) u159772 | ||
| 041 | 0 | _aeng | |
| 100 | 1 | _aAlves, Lise | |
| 245 | 0 | 4 | _aThe squeezed middle |
| 260 | _c2016 | ||
| 490 |
_aModus _vApril 2016, 24-28 (5) |
||
| 520 | _aLooks at three perspectives on the rising global middle-class and its expectation for better housing in Brazil, China and India. | ||
| 590 | _aKA | ||
| 650 | 2 | 4 | _aHOUSING |
| 651 | 4 | _aBrazil | |
| 651 | 4 | _aChina | |
| 651 | 4 | _aIndia | |
| 690 |
_aResidential property _96266 |
||
| 700 | 1 | _aFrew McMillan, Alex | |
| 700 | 1 | _aKazmin, Amy | |
| 942 | _n0 | ||
| 999 |
_c84977 _d84977 |
||